| 000 | 01395nam a2200349Ia 4500 | ||
|---|---|---|---|
| 001 | ebr10251449 | ||
| 003 | CaPaEBR | ||
| 006 | m u | ||
| 007 | cr cn||||||||| | ||
| 008 | 080403s2008 enka s 000 0 eng d | ||
| 010 | _z 2008014823 | ||
| 020 | _z9781843106432 | ||
| 020 | _z1843106434 | ||
| 040 |
_aCaPaEBR _cCaPaEBR |
||
| 035 | _a(OCoLC)503445465 | ||
| 050 | 1 | 4 |
_aRJ499.32 _b.R67 2008eb |
| 082 | 0 | 4 |
_a618.92/89 _222 |
| 100 | 1 | _aRosoman, Clare. | |
| 245 | 1 | 0 |
_aTherapy to go _h[electronic resource] : _bgourmet fast food handouts for working with child, adolescent and family clients / _cClare Rosoman. |
| 260 |
_aLondon ; _aPhiladelphia : _bJessica Kingsley Pub., _c2008. |
||
| 300 |
_a251 p. : _bill. |
||
| 490 | 1 | _aJKP resource materials | |
| 533 |
_aElectronic reproduction. _bPalo Alto, Calif. : _cebrary, _d2009. _nAvailable via World Wide Web. _nAccess may be limited to ebrary affiliated libraries. |
||
| 650 | 0 |
_aChild psychiatry _vProblems, exercises, etc. |
|
| 650 | 0 |
_aAdolescent psychiatry _vProblems, exercises, etc. |
|
| 650 | 0 |
_aFamily psychotherapy _vProblems, exercises, etc. |
|
| 650 | 0 | _aPatient education. | |
| 655 | 7 |
_aElectronic books. _2local |
|
| 710 | 2 | _aebrary, Inc. | |
| 830 | 0 | _aJKP resource materials. | |
| 856 | 4 | 0 |
_uhttp://site.ebrary.com/lib/rucke/Doc?id=10251449 _zAn electronic book accessible through the World Wide Web; click to view |
| 999 |
_c35858 _d35858 |
||